Logo BPK

Biblioteka

Politechniki Koszalińskiej

Planowanie działalności badawczej i rozwojowej w wyższej szkole technicznej / (Rekord nr 21658)

Szczegóły MARC
000 -ETYKIETA REKORDU
podpole kontrolne o stałej długości 02211nam a2200541 i 4500
001 - NUMER KONTROLNY REKORDU
pole kontrolne 21658
003 - IDENTYFIKATOR NUMERU KONTROLNEGO REKORDU
podpole kontrolne KOSZ 005
005 - DATA OSTATNIEJ MODYFIKACJI REKORDU
podpole kontrolne 20210413102449.0
008 - POLE O STAŁEJ DŁUGOŚCI - DANE KONTROLNE
podpole kontrolne o stałej długości 991116s1981 pl a f |000 0 pol
015 ## - NUMER BIBLIOGRAFII NARODOWEJ
Numer bibliografii narodowej UWD 1982/3496
020 ## - MIĘDZYNARODOWY ZNORMALIZOWANY NUMER KSIĄŻKI - ISBN
ISBN 8301029749
035 ## - NUMER SYSTEMOWY
Numer systemowy przejętego rekordu 991012014999705066
035 ## - NUMER SYSTEMOWY
Numer systemowy przejętego rekordu (PL-WaBN)b13258023-48omnis_nlop
035 ## - NUMER SYSTEMOWY
Numer systemowy przejętego rekordu b13258023
035 ## - NUMER SYSTEMOWY
Numer systemowy przejętego rekordu (OCoLC)297567635
035 ## - NUMER SYSTEMOWY
Numer systemowy przejętego rekordu (PL)b0000001325802
035 ## - NUMER SYSTEMOWY
Numer systemowy przejętego rekordu (EXLNZ-48OMNIS_NETWORK)9910493697505606
040 ## - ŹRÓDŁO KATALOGOWANIA
Instytucja, która sporządziła opis WA N
Instytucja, która utworzyła rekord WA N
Instytucja, która dokonała modyfikacji KOSZ 005/HR
041 0# - KOD JĘZYKA
Kod języka tekstu pol
Kod języka streszczenia lub abstraktu rus
-- eng
046 ## - DATY KODOWANE
Pojedyncza data lub początek okresu powstania dzieła lub zbioru dzieł 1981
080 ## - UNIWERSALNA KLASYFIKACJA DZIESIĘTNA - UKD
UKD 001.891
080 ## - UNIWERSALNA KLASYFIKACJA DZIESIĘTNA - UKD
UKD 378:62
100 1# - NAZWA OSOBOWA
Nazwa osobowa Pelc, Karol
Daty związane z nazwą (1935- )
Określenie rodzaju współpracy Autor
245 10 - TYTUŁ/ODPOWIEDZIALNOŚĆ
Tytuł Planowanie działalności badawczej i rozwojowej w wyższej szkole technicznej /
Pozostałe elementy strefy tytułu i oznaczenia odpowiedzialności Karol Pelc ; Ministerstwo Nauki, Szkolnictwa Wyższego i Techniki, Instytut Polityki Naukowej, Postępu Technicznego i Szkolnictwa Wyższego, [Zakład Organizacji i Zarządzania].
260 ## - STREFA ADRESU WYDAWNICZEGO
Miejsce wydania Warszawa ;
-- Poznań :
Nazwa wydawcy/dystrybutora Państwowe Wydawnictwo Naukowe,
Data publikacji, dystrybucji/powstania dokumentu 1981.
300 ## - STREFA OPISU FIZYCZNEGO
Objętość 134, [2] s., [6] s. tabl. :
Inne cechy fizyczne il. tab. ;
Rozmiary 20 cm.
336 ## - TYP ZAWARTOŚCI
Termin opisujący typ zawartości Tekst
Kod określający zawartość txt
Źródło (terminu i kodu) rdacontent
337 ## - TYP MEDIÓW
Tryb odtwarzania Bez urządzenia pośredniczącego
Kod typu mediów n
Źródło (terminu i kodu) rdamedia
338 ## - TYP/RODZAJ NOŚNIKA
Hasło opisujące typ nośnika Wolumin
Kod typu nośnika nc
Źródło (terminu i kodu) rdacarrier
380 ## - FORMA I TYP PUBLIKACJI
Forma i typ publikacji Książki
380 ## - FORMA I TYP PUBLIKACJI
Forma i typ publikacji Publikacje naukowe
388 ## - CZAS POWSTANIA
Czas powstania 1901-2000
388 ## - CZAS POWSTANIA
Czas powstania 1945-1989
490 1# - STREFA SERII I DOKUMENTU WIELOCZĘŚCIOWEGO - FORMA NIE DO WYSZUKIWANIA
Tytuł i oznaczenie odpowiedzialności serii Monografie i Studia / Instytut Polityki Naukowej, Postępu Technicznego i Szkolnictwa Wyższego
500 ## - UWAGI OGÓLNE
Tekst uwagi Zawiera także: Automatyzacja przetwarzania danych w zakresie planowania działalności badawczej/ Mikołaj Firlej, Jerzy Wilimowski.
504 ## - UWAGA DOTYCZĄCA BIBLIOGRAFII
Informacje o bibliografii Bibliogr. s. 94-100.- Rez.- Sum.
650 #7 - HASŁO PRZEDMIOTOWE W FORMIE NAZWY OGÓLNEJ LUB JEDNOSTKOWEJ
Nazwa ogólna lub geograficzna Nauka
Źródło hasła lub terminu DBN
650 #7 - HASŁO PRZEDMIOTOWE W FORMIE NAZWY OGÓLNEJ LUB JEDNOSTKOWEJ
Nazwa ogólna lub geograficzna Szkolnictwo wyższe
Źródło hasła lub terminu DBN
650 #7 - HASŁO PRZEDMIOTOWE W FORMIE NAZWY OGÓLNEJ LUB JEDNOSTKOWEJ
Nazwa ogólna lub geograficzna Technika
Źródło hasła lub terminu DBN
650 #7 - HASŁO PRZEDMIOTOWE W FORMIE NAZWY OGÓLNEJ LUB JEDNOSTKOWEJ
Nazwa ogólna lub geograficzna Planowanie
650 #7 - HASŁO PRZEDMIOTOWE W FORMIE NAZWY OGÓLNEJ LUB JEDNOSTKOWEJ
Nazwa ogólna lub geograficzna Badania naukowe
658 ## - TERMIN INDEKSOWY - PRZEDMIOT PROGRAMU NAUCZANIA
Główny przedmiot programu nauczania Nauka i badania
710 2# - HASŁO DODATKOWE - NAZWA CIAŁA ZBIOROWEGO
Nazwa ciała zbiorowego lub jednostki geograficznej Państwowe Wydawnictwo Naukowe
Kod określenia powiązania pbl
830 #0 - HASŁO DODATKOWE SERII LUB DOKUMENTU WIELOCZĘŚCIOWEGO - TYTUŁ UJEDNOLICONY
Tytuł ujednolicony Monografie i Studia - Instytut Polityki Naukowej, Postępu Technicznego i Szkolnictwa Wyższego
856 ## - LOKALIZACJA I DOSTĘP DO ELEKTRONICZNYCH DOKUMENTÓW ZDALNYCH
Link (URL) http://koha.tu.koszalin.pl/cgi-bin/koha/opac-detail.pl?biblionumber=21658
Tekst linku Katalog online BPK
942 ## - DODATKOWE ELEMENTY (KOHA)
Schemat klasyfikacji Uniwersalna Klasyfikacja Dziesiętna
Typ dokumentu Książka
Egzemplarze
Wycofany Status egzemplarza Uszkodzony Dostępność Lokalizacja stała Lokalizacja bieżąca Miejsce przechowywania Sygnatura Kod kreskowy Typ dokumentu
      Dostępny Biblioteka Politechniki Koszalińskiej Biblioteka Politechniki Koszalińskiej Wypożyczalnia BG 28994 01621778 Książka
      Dostępny Biblioteka Politechniki Koszalińskiej Biblioteka Politechniki Koszalińskiej Wypożyczalnia BG 30465 01566154 Książka
© 2023 Biblioteka Politechniki Koszalińskiej :: KOHA